000 00653nam a2200217Ii 4500
003 JO-AjNU
008 230606s9999||||xx |||||||||||||| ||und||
020 _a978-81-224-2207-8/81-224-2207-1
040 _aJO-AjNU
_beng
_erda
_cJO-AjNU
041 _aeng
050 1 4 _aHD30.15.2008
100 3 _aedited:Briscoe Simon&Jane fuller,
_eauthor
_91233
245 0 0 _aHarriman's Financial Dictionary
250 _a1 ed
264 3 1 _aNEW DELHI: NEW AGE INTERNATIONAL PUBLISHERS,2008
300 _a348p
336 _atext
_btxt
_2rdacontent
337 _aunmediated
_bn
_2rdamedia
338 _avolume
_bnc
_2rdacarrier
650 4 _a Financial -Dictionary
_91234
999 _aE650
_c650
_d650